00944nas a22002657i 45000010005000000030004000050050017000090070003000260080041000290220014000700240014000840240020000980400008001180410008001262450028001342600060001627100038002228560064002608660088003248660044004129420006004569990015004629520095004779520106005725901OSt20170817102959.0tu161220c20109999xxu||||| |||| 00| 0 d a0015-19477 a59012RID7 a59012RSN (alt) cOSt aeng00aFinance and Development aWashington :bInternational Monetary Fund (IMF),c2010.2 aInternational Monetary Fund (IMF) uhttp://www.imf.org/external/pubs/ft/fandd/2017/06/index.htm 0u
voreriger und laufender Jahrgang
fehlen:
2009/oct
2009/nov 0uvorheriger und laufender Jahrg. - 2010 cJ c5611d5611 00104070aBIBbBIBc1d2004-08-04i5901l0p10001339r2017-01-26 00:00:00w2017-01-26yJ 00104070aBIBbBIBc1d2010-07-20hJune 2010i5901l0p10003902r2017-01-26 00:00:00w2017-01-26yJ